مشكلة الإستثمار في البنوك الإسلامية و كيف علاجها الإسلام / (رقم التسجيلة. 59706)
[ عرض عادي ]
| 000 -LEADER | |
|---|---|
| fixed length control field | 00655nam a22001697a 4500 |
| 005 - DATE AND TIME OF LATEST TRANSACTION | |
| control field | 20251108171224.0 |
| 008 - FIXED-LENGTH DATA ELEMENTS--GENERAL INFORMATION | |
| fixed length control field | 250721s1990 xx 000 0 ara d |
| 082 14 - DEWEY DECIMAL CLASSIFICATION NUMBER | |
| Classification number | 210.423326/صاو |
| 100 1# - MAIN ENTRY--PERSONAL NAME | |
| Personal name | الصاوي، محمد صلاح محمد |
| 245 10 - TITLE STATEMENT | |
| Title | مشكلة الإستثمار في البنوك الإسلامية و كيف علاجها الإسلام / |
| 264 1# - PRODUCTION, PUBLICATION, DISTRIBUTION, MANUFACTURE, AND COPYRIGHT NOTICE | |
| Place of production, publication, distribution, manufacture | المدينة المنورة : |
| Name of producer, publisher, distributor, manufacturer | دار المجتمع للنشر و التوزيع، |
| Date of production, publication, distribution, manufacture, or copyright notice | 1990. |
| 300 ## - PHYSICAL DESCRIPTION | |
| Extent | 767ص. |
| 490 0# - SERIES STATEMENT | |
| Series statement | أضواء على الإقتصاد الإسلامي؛13 |
| 650 17 - SUBJECT ADDED ENTRY--TOPICAL TERM | |
| Topical term or geographic name as entry element | المالية في الإسلام |
| 942 ## - ADDED ENTRY ELEMENTS (KOHA) | |
| Source of classification or shelving scheme | Dewey Decimal Classification |
| Koha item type | كتب |
| حالة السحب | حالة الفقدان | مصدر التصنيف | حالة التلف | غير قابل للإعارة | المكتبة الرئيسية | المكتبة الحالية | موقع الرف | تاريخ التزويد | الرقم المتسلسل | Total Checkouts | رقم الإستدعاء | الباركود | تاريخ آخر ظهور | تاريخ الفاتورة | نوع المادة (كوها) |
|---|---|---|---|---|---|---|---|---|---|---|---|---|---|---|---|
| Dewey Decimal Classification | مكتبة النصر العامة | مكتبة النصر العامة | الإعارة | 15/09/2014 | 5748. | 210.423326/صاو | PLD00306802 | 28/07/2025 | 15/09/2014 | كتب |